| 000 | 00512nam a2200181 a 4500 | ||
|---|---|---|---|
| 001 | 1772447158778 | ||
| 003 | YourLibrary | ||
| 005 | 20260302160218.0 | ||
| 008 | 260302s1994##################000#0#eng## | ||
| 020 | _a9780198291824 | ||
| 082 | 0 | 4 |
_a327.17405 _bSTO |
| 100 | 1 |
_aInstitute, Stockholm International Peace Research, _eauthor. |
|
| 245 | 1 | 0 | _aSIPRI Yearbook 1994 : |
| 260 |
_bOxford University Press, USA, _c1994. |
||
| 650 | 0 | _aHistory. | |
| 942 | _cENGLISH | ||
| 040 |
_aYourLibrary _beng _cYourLibrary |
||
| 999 |
_c616563 _d616563 |
||